00249nam a2200097Ia 4500001000400000008004100004082001300045100001100058245006500069260001700134886241024s9999 xx 000 0 und d a370/U56c aUNESCO 0aCouncil of the international Bureau of Education, 56 session bGenovec2008